Demon Slayer - Mort subite - Statistiques

Statistiques générales
  • Ce quiz a été pris 4 376 fois
  • Le résultat moyen est 13 sur 20
Answers on the Grid
Answers color-coded by a green-red scale on the quiz's grid according to % correct below.
Tanjiro Kamado
Muzan Kibutsuji
Anya Forger
Inosuke Hashibira
Ambessa Medarda
Nezuko Kamado
Gyomei Himejima
Ukogi
Enmu
Rui
Naho Takamiya
Susamaru
Kakashi Hatake
Hinatsuru
Arlong
Giyuu Tomioka
Haganezuka
Romanée-Conti
Zohakuten
Jigorou Kuwajima
Zenitsu Agatsuma
Rachel Gardner
Kyogai
Mitsuri Kanroji
Senku Ishigami
Makomo
Chisato Nishikigi
Cho Chang
Kanao Tsuyuri
Tengen Uzui
 
Statistiques - réponses
Réponse % Correct
Tanjiro Kamado
95%
Muzan Kibutsuji
92%
Inosuke Hashibira
89%
Nezuko Kamado
87%
Gyomei Himejima
83%
Giyuu Tomioka
75%
Zenitsu Agatsuma
75%
Tengen Uzui
73%
Mitsuri Kanroji
72%
Rui
70%
Kanao Tsuyuri
69%
Enmu
60%
Haganezuka
60%
Makomo
47%
Kyogai
45%
Hinatsuru
42%
Susamaru
39%
Zohakuten
34%
Ukogi
32%
Jigorou Kuwajima
31%
Aucun quiz correspondant
Distribution des résultats
% des personnes avec chaque résultat
Percentile par nombre de réponses
Votre historique - résultats
Vous n’avez pas pris ce quiz